| 000 | 00629nam a2200205 4500 | ||
|---|---|---|---|
| 001 | 85825 | ||
| 003 | BD-RjUL | ||
| 005 | 20251009123257.0 | ||
| 008 | 251009s1993 ii ||||| |||| 00| 0 urd d | ||
| 035 | _a(BD-RjUL)85825 | ||
| 040 |
_aBD-RjUL _beng _cBD-RjUL |
||
| 041 | _aurd | ||
| 082 |
_223 _a297.4 |
||
| 100 |
_aجائسی ، کبیر احمد ;; Jayasi, Kabir Ahmed _917131 |
||
| 245 |
_aایرانی تصوف ;; Iranian Sufism / _cکبیر احمد جائسی ;; Kabir Ahmed Jaisi |
||
| 260 |
_aAliGargh : _bAdara i ulumi Islamiah , _c1993 |
||
| 300 |
_a216 p. ; _c22 cm |
||
| 650 |
_aSufism _zIran _917132 |
||
| 942 |
_2ddc _cBK |
||
| 999 |
_c85825 _d85825 |
||